Cargando…

The Fascist Revolution : Toward a General Theory of Fascism /

Detalles Bibliográficos
Autor principal: Mosse, George L. (George Lachmann), 1918-1999 (Autor)
Otros Autores: Griffin, Roger
Formato: Electrónico eBook
Idioma:Inglés
Publicado: Madison, Wisconsin : The University of Wisconsin Press, [2021]
Colección:Book collections on Project MUSE.
Temas:
Acceso en línea:Texto completo

MARC

LEADER 00000cam a22000004a 4500
001 musev2_97474
003 MdBmJHUP
005 20230905053237.0
006 m o d
007 cr||||||||nn|n
008 211009s2021 wiu o 00 0 eng d
020 |a 9780299332938 
020 |z 9780299332945 
035 |a (OCoLC)1273972242 
040 |a MdBmJHUP  |c MdBmJHUP 
100 1 |a Mosse, George L.  |q (George Lachmann),  |d 1918-1999,  |e author. 
245 1 4 |a The Fascist Revolution :   |b Toward a General Theory of Fascism /   |c George L. Mosse ; with a critical introduction by Roger Griffin. 
264 1 |a Madison, Wisconsin :  |b The University of Wisconsin Press,  |c [2021] 
264 3 |a Baltimore, Md. :  |b Project MUSE,   |c 2021 
264 4 |c ©[2021] 
300 |a 1 online resource (229 pages). 
336 |a text  |b txt  |2 rdacontent 
337 |a computer  |b c  |2 rdamedia 
338 |a online resource  |b cr  |2 rdacarrier 
490 0 |a The Collected Works of George L. Mosse Ser. 
500 |a Description based upon print version of record. 
505 0 |a Intro -- Contents -- Acknowledgments -- Introduction to the 1999 Edition -- Critical Introduction by Roger Griffin -- 1. Toward a General Theory of Fascism -- 2. Fascist Aesthetics and Society -- 3. Racism and Nationalism -- 4. Fascism and the French Revolution -- 5. Fascism and the Intellectuals -- 6. The Occult Origins of National Socialism -- 7. Fascism and the Avant-Garde -- 8. Nazi Polemical Theater -- 9. On Homosexuality and French Fascism -- 10. Nazi Aesthetics: Beauty Without Sensuality and the Exhibition of Degenerate Art -- Notes -- Index 
588 |a Description based on print version record. 
650 7 |a Racism.  |2 fast  |0 (OCoLC)fst01086616 
650 7 |a National socialism.  |2 fast  |0 (OCoLC)fst01033761 
650 7 |a Intellectual life.  |2 fast  |0 (OCoLC)fst00975769 
650 7 |a Fascism.  |2 fast  |0 (OCoLC)fst00921551 
650 7 |a HISTORY / General  |2 bisacsh 
650 7 |a National Socialism.  |2 aat 
650 7 |a fascism.  |2 aat 
650 6 |a Racisme. 
650 6 |a Nazisme. 
650 6 |a Fascisme. 
650 0 |a Racism. 
650 0 |a National socialism. 
650 0 |a Fascism. 
651 7 |a Europe.  |2 fast  |0 (OCoLC)fst01245064 
651 6 |a Europe  |x Vie intellectuelle  |y 20e siecle. 
651 0 |a Europe  |x Intellectual life  |y 20th century. 
655 7 |a Electronic books.   |2 local 
700 1 |a Griffin, Roger. 
700 1 |a Griffin, Roger,  |d 1948-  |e writer of introduction. 
710 2 |a Project Muse.  |e distributor 
830 0 |a Book collections on Project MUSE. 
856 4 0 |z Texto completo  |u https://projectmuse.uam.elogim.com/book/97474/ 
945 |a Project MUSE - Custom Collection 
945 |a Project MUSE - 2021 Complete 
945 |a Project MUSE - 2021 History